| 000 | 00757nam a22002297a 4500 | ||
|---|---|---|---|
| 999 |
_c159399 _d159399 |
||
| 005 | 20181215165149.0 | ||
| 006 | a|||||f|||| 00| 0 | ||
| 007 | tc | ||
| 008 | 180720b xxu||||| |||| 00| 0 eng d | ||
| 010 | _aB-218379-B-218384 | ||
| 020 | _c198.00(per set) | ||
| 035 | _a B-218379 | ||
| 037 | _bA.I.C.B. | ||
| 082 | _a480 | ||
| 100 | _aDuff, A. MCC. | ||
| 245 |
_aTiger's Eye _cby Alan McConnell Duff |
||
| 260 |
_aDelhi _bA.C.I.B. _cN.D. |
||
| 270 |
_aSector-5, Rohini, _bNew Delhi _e110085 _k011-27054082 |
||
| 300 |
_a3V.,various pages. _c30cm(HB). |
||
| 942 |
_2ddc _cBRLEN _h480 _mDUF |
||